000 00753nam a22001457a 4500
008 110621t xxu||||| |||| 00| 0 eng d
010 _aCACAF68
245 _aCourt of Appeal Civil Application No. 74 OF 2000 Florence Ndaula Vs Hajati Zawadi
260 _c2000
500 _aCoram: Hon. Justice G.M. Okello, JA
500 _aArising from an intended appeal from the decision of the High Court Lugayizi, J dated 6-9-2000 in HCCS No. 1112 of 1996
999 _c3426
_d3426